01019naa#a2200193#i#4500001001600000005001700016011001400033100004100047102000700088200021800095210021400313215001100527608004500538675005300583700006400636700005600700700005200756856001700808RU\\bibl\11976420260702064518.4##a1815-588X##a20250321b2025####ek#y0rusy0150####ca##aRU1#aОПЫТ ОБСЛЕДОВАНИЯ И ПРОВЕДЕНИЯ ИНЖЕНЕРНЫХ РАСЧЕТОВ ТОННЕЛЯ СУХАРНЫЙ ЛОЗОВО-СЕВАСТОПОЛЬСКОЙ Ж. ДeЖурнальная статья1#aСанкт-ПетербургcФГБОУ ВО "Петербургский государственный университет путей сообщения Императора Александра I"d2025##a12 с.##aЖурнальная статья2local##aТранспортные тоннели. 624.195#1aКавказскийgВладимир Николаевич#1aСоловьевgДмитрий Андреевич#1aСоловьевgРоман Андреевич4#aatjournal.ru